ბათუმის შოთა რუსთაველის სახელმწიფო უნივერსიტეტის ბიბლიოთეკა

საადგილმამულო ურთიერთობანი სამხრეთ-დასავლეთ საქართველოში ოსმალთა ბატონობის ხანაში (XVI ს.-1878 წ.) / (ბიბ.ჩანაწერი № 56178)

000 -ლიდერი
ფიქსირებული სიგრძის საკონტროლო ველი 01618nam a2200277Ia 4500
001 - საკონტროლო ნომერი
საკონტროლო ველი 23279
003 - საკონტროლო ნომრის იდენტიფიკატორი
საკონტროლო ველი GE_BSU
005 - ბოლო ოპერაციის თარიღი და დრო
საკონტროლო ველი 20251117205732.0
008 - ფიქსირებული სიგრძის მონაცემთა ელემენტები - ზოგადი ინფორმაცია
ფიქსირებული სიგრძის საკონტროლო ველი 181216s2001||||ge |||||||||||||| ||geo||
020 ## - წიგნის საერთაშორისო სტანდარტული ნომერი
International Standard Book Number 99928-48-79-0
040 ## - კატალოგიზაციის წყარო
Transcribing agency GE_BSU
041 ## - ენის კოდი
Language code of text/sound track or separate title geo
080 ## - უნივერსალური ათობითი კლასიფიკაციის ინდექსი
Universal Decimal Classification number 332.21(479.22) + 94(479.223)"15/18 თ-86
100 ## - მთავარი ჩანაწერი - პიროვნების სახელი
Personal name თურმანიძე, ოთარ
9 (RLIN) 26258
245 ## - ცნობა სათაურის შესახებ
Title საადგილმამულო ურთიერთობანი სამხრეთ-დასავლეთ საქართველოში ოსმალთა ბატონობის ხანაში (XVI ს.-1878 წ.) /
Statement of responsibility, etc ოთარ თურმანიძე ; რედ. : მ. სვანიძე.
264 ## - წარმოების, გამოცემის, დისტრიბუციის და სხვა ცნობები
გამოცემის, წარმოების, დისტრიბუციის... ადგილი ბათუმი :
გამოცემის, წარმოების, დისტრიბუციის... სახელწოდება ბათუმის უნივერსიტეტი,
გამოცემის, წარმოების, დისტრიბუციის... თარიღი 2001.
300 ## - ფიზიკური აღწერა
Extent 105 გვ. ;
Dimensions 20 სმ.
520 ## - SUMMARY, ETC.
Summary, etc რეზიუმე რუსულ და ინგლ. ენებზე
653 ## - INDEX TERM--UNCONTROLLED
Uncontrolled term მიწათმფლობელობა საქართველოში
653 ## - INDEX TERM--UNCONTROLLED
Uncontrolled term საქართველოს ისტორია
653 ## - INDEX TERM--UNCONTROLLED
Uncontrolled term ოსმალთა ბატონობა აჭარაში
653 ## - INDEX TERM--UNCONTROLLED
Uncontrolled term საადგილმამულო ურთიერთობანი სამხრეთ-დასავლეთ საქართველოში ოსმალთა ბატონობის ხანაში (XVI ს.-1878 წ.)
700 ## - ADDED ENTRY--PERSONAL NAME
Personal name სვანიძე, მ.
Relator term რედაქტორი
9 (RLIN) 26259
942 ## - ADDED ENTRY ELEMENTS (KOHA)
Koha item type წიგნი
Source of classification or shelving scheme
ეგზემპლარები
ჩამოწერის სტატუსი დაკარგული ეგზემპლარის სტატუსი კლასიფიკაციის წყარო ან თაროზე გაწყობის სქემა დაზიანების სტატუსი არ გაიცემა მუდმივი მდებარეობა (დაცვის ადგილი) ამჟამინდელი ადგილსამყოფელი თაროზე განთავსების ადგილი შეძენის თარიღი ღირებულება, შესყიდვის ნორმალური ფასი სრული შენახვის შიფრი შტრიხკოდი ბოლო ოპერაციის თარიღი ეგზემპლარის მიმდევრობითი ნომერი (კეტერი?) ფასის ძალაში შესვლის თარიღი ეგზემპლარის სახეობა საჯარო შენიშვნა
          ბათუმის შოთა რუსთაველის სახელმწიფო უნივერსიტეტის მთავარი ბიბლიოთეკა ბათუმის შოთა რუსთაველის სახელმწიფო უნივერსიტეტის მთავარი ბიბლიოთეკა წიგნსაცავი 2018-12-17 5.00 332.21(479.22) + 94(479.223) თ-86 28250 2018-12-17 28250 2018-12-17 წიგნი 5.00 ₾.